000 00681nam a2200229Ia 4500
003 OSt
005 20221005133718.0
006 a|||||r|||| 00| 0
007 ta
008 221004b |||||||| |||| 00| 0 pan d
024 _a27782
037 _cTextual
040 _aCRL
_cCRL
_bpan
041 _2pan
_apan
082 _aV236:1.M4, 153J6
100 _aਫਲੌਰੀ, Fਰਧਾ ਰਾਮ
_9642602
245 0 _aਸਿੱਖਾਂ ਦੇ ਰਾਜ ਦੀ ਵਿਥਿਆ
260 _c1956
650 _aਭਾਰਤੀਯ ਇਤਿਹਾਸ
942 _hV236:1.M4, 153J6
_cTEXL
_2cc
999 _c1067651
_d1067651